000 00567nab#a2200193#c#4500
999 _c122317
_d122317
003 IEF
005 20191204132843.0
008 950704s1976 uuu|| #####0 b| |u
040 _aIEF
_cES-MaIEF
100 1 _aFuentes Quintana, Enrique
_916778
245 _aAntonio Flores de Lemus (14-VI-1876, 21-III-1941)
_c Enrique Fuentes Quintana
260 _c1976
650 4 _aHOMENAJES
_945439
650 4 _aFLORES DE LEMUS, ANTONIO (1876-1941)
_944347
773 0 _tHacienda pública española
_w34570
_g42-43, p. 3-5
942 _2udc
942 _2udc